Statistiques concernant La bande dessinée Thorgal

Cliquez ici pour prendre le quiz!

Statistiques générales

  • Ce quiz a été pris 130 fois
  • Le résultat moyen est 27 sur 38

Statistiques - réponses

CycleAnnéeTitre de l'album% Correct
Cycle des origines1989Aaricia
96%
1986Le Pays Qâ
91%
1980L'île des mers gelées
89%
Cycle des origines1984L'enfant des étoiles
88%
1990Louve
88%
Cycle du Pays Qâ1985Les archers
84%
Aventure indépendante: L'enfant-rêve1985Alinoé
83%
2004Kriss de Valnor
81%
1984La chute de Brek Zarith
81%
Cycle du successeur2007Moi, Jolan
81%
Aventure indépendante: le village maudit1981Les trois vieillards du pays d'Aran
80%
Cycle des maîtres de Brek Zarith1982La galère noire
78%
Cycle de la reine des mers gelées1980La magicienne trahie
78%
1995La marque des bannis
76%
1993La forteresse invisible
75%
Cycle du viking errant1999Arachnéa
74%
1999Le mal bleu
74%
1987Les yeux de Tanatloc
73%
1995La couronne d'Ogotaï
71%
1991La gardienne des clés
71%
Cycle du Nord1989Le maître des montagnes
71%
2018Aniel
70%
1997La cage
70%
Cycle de Shaïgan-sans-merci1992L'épée-soleil
70%
1988Entre terre et lumière
69%
2008Le bouclier de Thor
68%
2001Le royaume sous le sable
68%
1996Géants
64%
Cycle du dernier voyage2002Le barbare
61%
2006Le sacrifice
61%
2013Kah-Aniel
59%
Cycle des mages rouges2011Le bateau-sabre
58%
1983Au-delà des ombres
54%
2010La bataille d'Asgard
54%
1987La cité du dieu perdu
53%
2020La selkie
40%
Cycle des nouveaux horizons2019L'ermite de Skellingar
29%
2016Le feu écarlate
25%

Distribution des résultats

Percentile par nombre de réponses

% des personnes avec chaque résultat

Votre développement - résultats

Vous n’avez pas pris ce quiz